Estatísticas para Paises do Mundo

Clique aqui para jogar o quiz

Estatísticas Gerais

  • Esse quiz foi jogado 31 vezes
  • A pontuação média é 143 de 195

Estatísticas das Respostas

Paises% Correto
alemanha
96%
argentina
96%
brasil
96%
chile
96%
estados unidos
96%
mexico
96%
panama
96%
paraguai
96%
uruguai
96%
colombia
93%
espanha
93%
noruega
93%
suecia
93%
venezuela
93%
canada
89%
el salvador
89%
finlandia
89%
frança
89%
grecia
89%
honduras
89%
islandia
89%
jamaica
89%
peru
89%
portugal
89%
russia
89%
suriname
89%
vaticano
89%
angola
86%
austria
86%
belize
86%
bolivia
86%
costa rica
86%
cuba
86%
dinamarca
86%
guiana
86%
haiti
86%
hungria
86%
irlanda
86%
nicaragua
86%
reino unido
86%
santa lucia
86%
sudão
86%
suiça
86%
africa do sul
82%
albania
82%
arabia saudita
82%
argelia
82%
australia
82%
belgica
82%
china
82%
chipre
82%
egito
82%
equador
82%
eslovaquia
82%
eslovenia
82%
guatemala
82%
india
82%
italia
82%
japão
82%
malta
82%
polonia
82%
republica dominicana
82%
sudão do sul
82%
turquia
82%
ucrania
82%
zambia
82%
andorra
79%
bahamas
79%
bulgaria
79%
catar
79%
coreia do norte
79%
coreia do sul
79%
dominica
79%
holanda
79%
indonesia
79%
israel
79%
libia
79%
luxemburgo
79%
niger
79%
romenia
79%
san marino
79%
afeganistão
75%
eritreia
75%
estonia
75%
iemen
75%
irã
75%
letonia
75%
lituania
75%
macedonia do norte
75%
malasia
75%
marrocos
75%
mauritania
75%
moçambique
75%
mônaco
75%
mongolia
75%
montenegro
75%
nigeria
75%
nova zelandia
75%
quirguistão
75%
siria
75%
tajiquistão
75%
tunisia
75%
armenia
71%
azerbaijão
71%
barbados
71%
butão
71%
camarões
71%
cazaquistão
71%
croacia
71%
emirados arabes unidos
71%
etiopia
71%
guine
71%
ilhas marshall
71%
iraque
71%
kuwait
71%
lesoto
71%
liechtenstein
71%
madagascar
71%
mali
71%
omã
71%
papua nova guiné
71%
paquistão
71%
republica democratica do congo
71%
são vicente e granadinas
71%
servia
71%
tailandia
71%
taiwan
71%
trinidad e tobago
71%
turcomenistão
71%
tuvalu
71%
zimbabue
71%
camboja
68%
congo
68%
costa do marfim
68%
fiji
68%
filipinas
68%
guine bissau
68%
guiné equatorial
68%
jordania
68%
libano
68%
liberia
68%
maldivas
68%
namibia
68%
nauru
68%
singapura
68%
somalia
68%
tanzania
68%
togo
68%
vanuatu
68%
bahrein
64%
comores
64%
djibouti
64%
gabão
64%
georgia
64%
granada
64%
ilhas salomão
64%
laos
64%
nepal
64%
quenia
64%
são tomé e principe
64%
suazilandia
64%
uzbequistão
64%
brunei
61%
burundi
61%
cabo verde
61%
chade
61%
gana
61%
malawi
61%
moldavia
61%
palau
61%
ruanda
61%
tonga
61%
vietnã
61%
bangladesh
57%
botsuana
57%
burkina faso
57%
micronesia
57%
myanmar
57%
republica centro africana
57%
samoa
57%
serra leoa
57%
seychelles
57%
uganda
57%
benin
54%
bielorussia
54%
gambia
54%
sri lanka
54%
kiribati
50%
palestina
39%
são cristovão e neves
25%
bosnia e hezergovina
21%
ilhas mauricio
21%
republica tchequia
7%
mayote
4%
segegal
4%

Distribuição das Pontuações

Percentil de Números Respondidos

Porcentagem de Pessoas com Cada Pontuação

Sua Pontuação Histórica

Você não jogou esse quiz